[Event "DVM U12 2022"]
[Site "München GER"]
[Date "2022.12.28"]
[Round "4"]
[White "Botschek, Marius"]
[Black "Plath, Erik"]
[Result "1-0"]
[Termination "normal"]
[Board "8.4"]
[WhiteElo "1451"]
[BlackElo "927"]
[WhiteClock "00:56:47"]
[BlackClock "01:26:16"]
[WhiteTeam "SV 1947 Walldorf"]
[BlackTeam "SV Werder Bremen"]
[PlyCount "69"]
[WhiteFideId "34629521"]
[BlackFideId "34608206"]
[EventCountry "GER"]
[EventRounds "7"]
[EventType "team-swiss"]
[EventDate "2022.12.26"]

1. e4 {[%clk 01:30:59]} c5 {[%clk 01:30:54]} {[%emt 00:00:07]} 2. Nf3 {[%clk
01:31:23]} {[%emt 00:00:06]} Nc6 {[%clk 01:31:10]} {[%emt 00:00:13]} 3. Bb5
{[%clk 01:31:47]} {[%emt 00:00:07]} Nf6 {[%clk 01:30:33]} {[%emt 00:01:06]} 4.
Bxc6 {[%clk 01:31:24]} {[%emt 00:00:53]} bxc6 {[%clk 01:30:18]} {[%emt
00:00:44]} 5. Nc3 {[%clk 01:31:29]} {[%emt 00:00:26]} g6 {[%clk 01:30:14]}
{[%emt 00:00:35]} 6. d3 {[%clk 01:30:32]} {[%emt 00:01:26]} Bg7 {[%clk
01:30:30]} {[%emt 00:00:14]} 7. Be3 {[%clk 01:30:17]} {[%emt 00:00:45]} d6
{[%clk 01:30:35]} {[%emt 00:00:25]} 8. O-O {[%clk 01:28:52]} {[%emt 00:01:55]}
Ng4 {[%clk 01:30:22]} {[%emt 00:00:42]} 9. Bd2 {[%clk 01:24:36]} {[%emt
00:04:47]} Qb6 {[%clk 01:30:28]} {[%emt 00:00:21]} 10. h3 {[%clk 01:22:23]}
{[%emt 00:02:46]} Ne5 {[%clk 01:30:17]} {[%emt 00:00:37]} 11. Nxe5 {[%clk
01:21:40]} {[%emt 00:01:17]} Bxe5 {[%clk 01:30:29]} {[%emt 00:00:18]} 12. Rb1
{[%clk 01:18:53]} {[%emt 00:03:17]} Be6 {[%clk 01:30:35]} {[%emt 00:00:25]} 13.
Na4 {[%clk 01:13:53]} {[%emt 00:05:29]} Qb7 {[%clk 01:28:44]} {[%emt 00:02:14]}
14. Bc3 {[%clk 01:13:10]} {[%emt 00:01:19]} Bxa2 {[%clk 01:28:04]} {[%emt
00:01:10]} 15. Bxe5 {[%clk 01:13:05]} {[%emt 00:00:35]} dxe5 {[%clk 01:27:56]}
{[%emt 00:00:38]} 16. Ra1 {[%clk 01:12:16]} {[%emt 00:01:20]} Be6 {[%clk
01:27:49]} {[%emt 00:00:36]} 17. Nxc5 {[%clk 01:11:23]} {[%emt 00:01:22]} Qxb2
{[%clk 01:27:54]} {[%emt 00:00:26]} 18. Nxe6 {[%clk 01:11:17]} {[%emt
00:00:36]} fxe6 {[%clk 01:28:17]} {[%emt 00:00:07]} 19. Qb1 {[%clk 01:05:44]}
{[%emt 00:06:03]} Rb8 {[%clk 01:27:44]} {[%emt 00:01:03]} 20. Qxb2 {[%clk
01:05:42]} {[%emt 00:00:32]} Rxb2 {[%clk 01:28:03]} {[%emt 00:00:10]} 21. Rxa7
{[%clk 01:06:07]} {[%emt 00:00:05]} Kf7 {[%clk 01:28:04]} {[%emt 00:00:29]} 22.
f4 {[%clk 01:05:10]} {[%emt 00:01:27]} Rf8 {[%clk 01:25:56]} {[%emt 00:02:38]}
23. fxe5 {[%clk 01:05:32]} {[%emt 00:00:08]} Kg7 {[%clk 01:26:15]} {[%emt
00:00:11]} 24. Rxe7 {[%clk 01:05:47]} {[%emt 00:00:15]} Kg8 {[%clk 01:26:34]}
{[%emt 00:00:10]} 25. Rxf8 {[%clk 01:05:54]} {[%emt 00:00:24]} Kxf8 {[%clk
01:26:29]} {[%emt 00:00:35]} 26. Rxe6 {[%clk 01:06:14]} {[%emt 00:00:09]} Rxc2
{[%clk 01:26:41]} {[%emt 00:00:18]} 27. Rd6 {[%clk 01:06:13]} {[%emt 00:00:31]}
Ke7 {[%clk 01:26:52]} {[%emt 00:00:19]} 28. Kh2 {[%clk 01:04:01]} {[%emt
00:02:42]} Rd2 {[%clk 01:26:27]} {[%emt 00:00:53]} 29. Kg3 {[%clk 00:59:24]}
{[%emt 00:05:10]} c5 {[%clk 01:26:05]} {[%emt 00:00:52]} 30. Kf3 {[%clk
00:56:49]} {[%emt 00:03:04]} c4 {[%clk 01:25:28]} {[%emt 00:01:08]} 31. dxc4
{[%clk 00:56:48]} {[%emt 00:00:31]} Rxd6 {[%clk 01:25:50]} {[%emt 00:00:08]}
32. exd6 {[%clk 00:57:15]} {[%emt 00:00:03]} Kxd6 {[%clk 01:25:56]} {[%emt
00:00:23]} 33. Kf4 {[%clk 00:57:27]} {[%emt 00:00:19]} Ke6 {[%clk 01:26:08]}
{[%emt 00:00:17]} 34. c5 {[%clk 00:57:28]} {[%emt 00:00:30]} h6 {[%clk
01:26:16]} {[%emt 00:00:22]} 35. h4 {[%clk 00:56:47]} {[%emt 00:01:10]} 1-0

[Event "DVM U12 2022"]
[Site "München GER"]
[Date "2022.12.28"]
[Round "4"]
[White "Roos Nazario, Valentin"]
[Black "Nguyen, Thanh An"]
[Result "1-0"]
[Termination "normal"]
[Board "9.1"]
[WhiteElo "1196"]
[BlackElo "1219"]
[WhiteClock "01:16:17"]
[BlackClock "01:24:14"]
[WhiteTeam "TTC Grün-Weiß Fritzdorf 1958"]
[BlackTeam "SV Dresden-Striesen 1990"]
[PlyCount "93"]
[WhiteFideId "16295722"]
[BlackFideId "34627804"]
[EventCountry "GER"]
[EventRounds "7"]
[EventType "team-swiss"]
[EventDate "2022.12.26"]

1. e4 {[%clk 01:30:59]} d5 {[%clk 01:30:53]} {[%emt 00:00:08]} 2. exd5 {[%clk
01:31:20]} {[%emt 00:00:08]} Qxd5 {[%clk 01:31:16]} {[%emt 00:00:07]} 3. Nc3
{[%clk 01:31:36]} {[%emt 00:00:14]} Qd8 {[%clk 01:31:28]} {[%emt 00:00:18]} 4.
d4 {[%clk 01:31:54]} {[%emt 00:00:12]} Nf6 {[%emt 00:00:18]} 5. Nf3 {[%clk
01:32:16]} {[%emt 00:00:07]} e6 {[%clk 01:31:58]} {[%emt 00:00:13]} 6. Bc4
{[%clk 01:32:08]} {[%emt 00:00:38]} Be7 {[%clk 01:32:01]} {[%emt 00:00:28]} 7.
O-O {[%clk 01:32:12]} {[%emt 00:00:25]} O-O {[%clk 01:32:26]} {[%emt 00:00:04]}
8. Re1 {[%clk 01:30:51]} {[%emt 00:01:51]} b6 {[%clk 01:32:18]} {[%emt
00:00:38]} 9. Bf4 {[%clk 01:30:47]} {[%emt 00:00:34]} a6 {[%clk 01:32:21]}
{[%emt 00:00:28]} 10. d5 {[%clk 01:29:12]} {[%emt 00:02:05]} exd5 {[%clk
01:31:45]} {[%emt 00:01:06]} 11. Nxd5 {[%clk 01:29:33]} {[%emt 00:00:08]} Nxd5
{[%clk 01:32:01]} {[%emt 00:00:14]} 12. Qxd5 {[%clk 01:29:09]} {[%emt
00:00:54]} Ra7 {[%clk 01:30:59]} {[%emt 00:01:32]} 13. Ne5 {[%clk 01:27:50]}
{[%emt 00:01:49]} Qxd5 {[%clk 01:30:36]} {[%emt 00:00:53]} 14. Bxd5 {[%clk
01:28:12]} {[%emt 00:00:07]} Bf6 {[%clk 01:30:38]} {[%emt 00:00:28]} 15. c3
{[%clk 01:27:49]} {[%emt 00:00:53]} Bb7 {[%clk 01:30:54]} {[%emt 00:00:13]} 16.
Rad1 {[%clk 01:27:12]} {[%emt 00:01:07]} Bxd5 {[%clk 01:30:39]} {[%emt
00:00:46]} 17. Rxd5 {[%clk 01:27:34]} {[%emt 00:00:08]} c6 {[%clk 01:30:43]}
{[%emt 00:00:26]} 18. Rd3 {[%clk 01:27:01]} {[%emt 00:01:01]} Re8 {[%clk
01:29:01]} {[%emt 00:02:14]} 19. Rde3 {[%clk 01:27:15]} {[%emt 00:00:15]} h6
{[%clk 01:28:24]} {[%emt 00:01:08]} 20. Ng4 {[%clk 01:27:17]} {[%emt 00:00:28]}
Rxe3 {[%clk 01:27:55]} {[%emt 00:00:59]} 21. Nxf6 {[%clk 01:27:40]} {[%emt
00:00:07]} gxf6 {[%clk 01:28:08]} {[%emt 00:00:17]} 22. Rxe3 {[%clk 01:28:03]}
{[%emt 00:00:07]} Nd7 {[%clk 01:28:14]} {[%emt 00:00:22]} 23. Bxh6 {[%clk
01:28:09]} {[%emt 00:00:26]} Ne5 {[%clk 01:28:33]} {[%emt 00:00:12]} 24. f3
{[%clk 01:27:11]} {[%emt 00:01:27]} Rd7 {[%clk 01:28:20]} {[%emt 00:00:44]} 25.
Re1 {[%clk 01:24:47]} {[%emt 00:02:54]} Rd5 {[%clk 01:28:09]} {[%emt 00:00:41]}
26. Re2 {[%clk 01:22:50]} {[%emt 00:02:24]} Kh7 {[%clk 01:26:59]} {[%emt
00:01:43]} 27. Be3 {[%clk 01:21:45]} {[%emt 00:01:34]} c5 {[%clk 01:26:04]}
{[%emt 00:01:25]} 28. Rd2 {[%clk 01:21:02]} {[%emt 00:01:13]} Rxd2 {[%clk
01:24:44]} {[%emt 00:01:50]} 29. Bxd2 {[%clk 01:21:27]} {[%emt 00:00:06]} c4
{[%clk 01:25:00]} {[%emt 00:00:14]} 30. b3 {[%clk 01:21:08]} {[%emt 00:00:49]}
b5 {[%clk 01:24:41]} {[%emt 00:00:49]} 31. bxc4 {[%clk 01:20:36]} {[%emt
00:01:02]} Nxc4 {[%clk 01:24:58]} {[%emt 00:00:13]} 32. Bc1 {[%clk 01:20:49]}
{[%emt 00:00:15]} Kg6 {[%clk 01:25:11]} {[%emt 00:00:19]} 33. g4 {[%clk
01:20:24]} {[%emt 00:00:53]} Ne5 {[%clk 01:25:19]} {[%emt 00:00:25]} 34. Kg2
{[%clk 01:20:30]} {[%emt 00:00:17]} a5 {[%clk 01:24:04]} {[%emt 00:01:51]} 35.
Kg3 {[%clk 01:19:05]} {[%emt 00:01:54]} Nd3 {[%clk 01:24:06]} {[%emt 00:00:29]}
36. Bd2 {[%clk 01:18:49]} {[%emt 00:00:42]} f5 {[%clk 01:23:44]} {[%emt
00:00:56]} 37. h4 {[%clk 01:18:36]} {[%emt 00:00:41]} fxg4 {[%clk 01:23:39]}
{[%emt 00:00:37]} 38. fxg4 {[%clk 01:18:53]} {[%emt 00:00:12]} Nc5 {[%clk
01:23:50]} {[%emt 00:00:20]} 39. h5 {[%clk 01:18:40]} {[%emt 00:00:43]} Kh7
{[%clk 01:23:58]} {[%emt 00:00:22]} 40. Kf4 {[%clk 01:18:18]} {[%emt 00:00:34]}
f6 {[%clk 01:23:31]} {[%emt 00:01:16]} 41. Kf5 {[%clk 01:17:12]} {[%emt
00:01:34]} Kg7 {[%clk 01:23:46]} {[%emt 00:00:16]} 42. h6 {[%clk 01:17:22]}
{[%emt 00:00:19]} Kh7 {[%clk 01:24:09]} {[%emt 00:00:08]} 43. Be3 {[%clk
01:17:25]} {[%emt 00:00:26]} Nd7 {[%clk 01:24:11]} {[%emt 00:00:29]} 44. Bf4
{[%clk 01:17:25]} {[%emt 00:00:28]} Nb6 {[%clk 01:23:40]} {[%emt 00:01:04]} 45.
Ke6 {[%clk 01:16:12]} {[%emt 00:01:41]} Na4 {[%clk 01:23:50]} {[%emt 00:00:22]}
46. Bd2 {[%clk 01:16:07]} {[%emt 00:00:34]} Nc5 {[%clk 01:24:14]} {[%emt
00:00:07]} 47. Kd5 {[%clk 01:16:17]} {[%emt 00:00:17]} 1-0

[Event "DVM U12 2022"]
[Site "München GER"]
[Date "2022.12.28"]
[Round "4"]
[White "Xu, Wanghan"]
[Black "Geschke, David"]
[Result "1/2-1/2"]
[Termination "normal"]
[Board "9.2"]
[WhiteElo "1275"]
[BlackElo "1418"]
[WhiteClock "00:40:27"]
[BlackClock "00:25:18"]
[WhiteTeam "SV Dresden-Striesen 1990"]
[BlackTeam "TTC Grün-Weiß Fritzdorf 1958"]
[PlyCount "99"]
[WhiteFideId "34608745"]
[BlackFideId "34619658"]
[EventCountry "GER"]
[EventRounds "7"]
[EventType "team-swiss"]
[EventDate "2022.12.26"]

1. d4 {[%clk 01:30:58]} {[%emt 00:00:01]} d5 {[%emt 00:00:11]} 2. c4 {[%clk
01:31:23]} e6 {[%clk 01:31:19]} {[%emt 00:00:05]} 3. Nc3 {[%clk 01:31:44]}
{[%emt 00:00:09]} Nf6 {[%clk 01:31:43]} {[%emt 00:00:06]} 4. a3 {[%clk
01:31:27]} {[%emt 00:00:47]} Nbd7 {[%clk 01:31:54]} {[%emt 00:00:18]} 5. Nf3
{[%clk 01:31:38]} {[%emt 00:00:20]} Be7 {[%clk 01:31:57]} {[%emt 00:00:27]} 6.
Bf4 {[%clk 01:31:17]} {[%emt 00:00:51]} c6 {[%clk 01:29:24]} {[%emt 00:03:03]}
7. e3 {[%clk 01:30:53]} {[%emt 00:00:54]} O-O {[%clk 01:29:37]} {[%emt
00:00:17]} 8. Qc2 {[%clk 01:30:45]} {[%emt 00:00:37]} dxc4 {[%clk 01:29:19]}
{[%emt 00:00:49]} 9. Bxc4 {[%clk 01:30:55]} {[%emt 00:00:20]} Nd5 {[%clk
01:29:41]} {[%emt 00:00:08]} 10. Nxd5 {[%clk 01:31:09]} {[%emt 00:00:16]} exd5
{[%clk 01:29:54]} {[%emt 00:00:17]} 11. Bd3 {[%clk 01:31:12]} {[%emt 00:00:26]}
Nf6 {[%clk 01:30:00]} {[%emt 00:00:26]} 12. h3 {[%clk 01:31:14]} {[%emt
00:00:28]} Qa5 {[%clk 01:22:11]} {[%emt 00:08:17]} 13. Nd2 {[%clk 01:29:11]}
{[%emt 00:02:33]} g6 {[%clk 01:14:36]} {[%emt 00:08:07]} 14. O-O {[%clk
01:28:16]} {[%emt 00:01:25]} Nh5 {[%clk 01:14:03]} {[%emt 00:00:57]} 15. Bh2
{[%clk 01:26:42]} {[%emt 00:02:10]} Ng7 {[%clk 01:12:56]} {[%emt 00:01:36]} 16.
Nf3 {[%clk 01:26:53]} {[%emt 00:00:20]} Bf5 {[%clk 01:12:02]} {[%emt 00:01:24]}
17. Rfe1 {[%clk 01:23:46]} {[%emt 00:03:29]} Bxd3 {[%clk 01:11:25]} {[%emt
00:01:15]} 18. Qxd3 {[%clk 01:24:01]} {[%emt 00:00:15]} Rfe8 {[%clk 01:11:21]}
{[%emt 00:00:33]} 19. b4 {[%clk 01:23:25]} {[%emt 00:01:06]} Qb6 {[%clk
01:08:17]} {[%emt 00:03:31]} 20. Rac1 {[%clk 01:22:46]} {[%emt 00:01:12]} a5
{[%clk 01:05:39]} {[%emt 00:03:07]} 21. Rb1 {[%clk 01:18:31]} {[%emt 00:04:39]}
axb4 {[%clk 01:04:19]} {[%emt 00:01:58]} 22. axb4 {[%clk 01:18:52]} {[%emt
00:00:09]} Ra4 {[%clk 01:04:37]} {[%emt 00:00:12]} 23. b5 {[%clk 01:19:11]}
{[%emt 00:00:11]} Rea8 {[%clk 01:00:02]} {[%emt 00:05:02]} 24. bxc6 {[%clk
01:17:55]} {[%emt 00:01:48]} Qxc6 {[%clk 00:57:20]} {[%emt 00:03:12]} 25. Qb5
{[%clk 01:13:22]} {[%emt 00:05:00]} R4a7 {[%clk 00:55:58]} {[%emt 00:01:54]}
26. Ne5 {[%clk 01:11:57]} {[%emt 00:01:55]} Qxb5 {[%clk 00:52:04]} {[%emt
00:04:25]} 27. Rxb5 {[%clk 01:12:13]} {[%emt 00:00:14]} Nf5 {[%clk 00:45:30]}
{[%emt 00:07:03]} 28. g3 {[%clk 01:03:00]} {[%emt 00:09:45]} Ra2 {[%clk
00:44:00]} {[%emt 00:01:57]} 29. Rxb7 {[%clk 01:02:19]} {[%emt 00:01:13]} Rc2
{[%clk 00:43:23]} {[%emt 00:01:06]} 30. Kg2 {[%clk 00:57:14]} {[%emt 00:05:36]}
Raa2 {[%clk 00:42:22]} {[%emt 00:01:12]} 31. Bg1 {[%clk 00:56:55]} {[%emt
00:01:06]} Kf8 {[%clk 00:40:58]} {[%emt 00:01:53]} 32. h4 {[%clk 00:55:02]}
{[%emt 00:02:25]} Nd6 {[%clk 00:40:36]} {[%emt 00:00:52]} 33. Rb8 {[%clk
00:54:40]} {[%emt 00:00:49]} Kg7 {[%clk 00:40:54]} {[%emt 00:00:14]} 34. Nd3
{[%clk 00:54:36]} {[%emt 00:00:32]} Nf5 {[%clk 00:40:54]} {[%emt 00:00:32]} 35.
Rb7 {[%clk 00:53:11]} {[%emt 00:01:53]} Kf6 {[%clk 00:38:36]} {[%emt 00:02:51]}
36. Nf4 {[%clk 00:51:29]} {[%emt 00:02:11]} Ra5 {[%clk 00:38:06]} {[%emt
00:01:01]} 37. Re2 {[%clk 00:50:10]} {[%emt 00:01:37]} Rxe2 {[%clk 00:33:46]}
{[%emt 00:05:03]} 38. Nxe2 {[%clk 00:50:27]} {[%emt 00:00:13]} Ra2 {[%clk
00:33:46]} {[%emt 00:00:29]} 39. Kf3 {[%clk 00:50:34]} {[%emt 00:00:20]} Bd6
{[%clk 00:30:29]} {[%emt 00:03:50]} 40. Rb5 {[%clk 00:48:23]} {[%emt 00:02:40]}
Ne7 {[%clk 00:30:13]} {[%emt 00:00:47]} 41. Nc3 {[%clk 00:48:32]} {[%emt
00:00:20]} Ra1 {[%clk 00:28:49]} {[%emt 00:01:55]} 42. Bh2 {[%clk 00:47:57]}
{[%emt 00:01:05]} Ke6 {[%clk 00:27:55]} {[%emt 00:01:25]} 43. Kg2 {[%clk
00:46:58]} {[%emt 00:01:20]} h5 {[%clk 00:27:20]} {[%emt 00:01:13]} 44. Ne2
{[%clk 00:44:22]} {[%emt 00:02:46]} Ra2 {[%clk 00:27:18]} {[%emt 00:00:52]} 45.
Kf3 {[%clk 00:44:42]} {[%emt 00:00:09]} Rc2 {[%clk 00:26:19]} {[%emt 00:01:31]}
46. Bg1 {[%clk 00:42:06]} {[%emt 00:03:06]} Ra2 {[%clk 00:25:48]} {[%emt
00:01:00]} 47. Nf4 {[%clk 00:41:12]} {[%emt 00:01:20]} Bxf4 {[%clk 00:24:47]}
{[%emt 00:01:36]} 48. Kxf4 {[%clk 00:41:33]} {[%emt 00:00:09]} Ra1 {[%clk
00:24:59]} {[%emt 00:00:18]} 49. Bh2 {[%clk 00:41:52]} {[%emt 00:00:10]} Rh1
{[%clk 00:25:18]} {[%emt 00:00:11]} 50. Kf3 {[%clk 00:40:27]} {[%emt 00:01:55]}
1/2-1/2